01194nas a2200289Ia 4500001001600000003001000016008004100026040002500067041001200092100001800104210001800122222001800140240013100158245013100289250001100420260000900431501012300440300001300563362002500576500004300601650002500644700001100669942000700680957000600687999003300693952017800726A07/R084-53301 IT-MiCISF161014c99999999xx |||||||||||| ||und|| aIT-MiCISFcIT-MiCISF aINGLESE aRuster Thomas aIntams Review aIntams Review aThe Sacrament of Marriage as Something Unique to the Catholic Church: Thoughts About Separating Nature, Contract and Sacrament 4aThe Sacrament of Marriage as Something Unique to the Catholic Church: Thoughts About Separating Nature, Contract and Sacrament a1a ed. c2013 bCISF - Centro Internazionale Studi Famiglia - Via Giotto, 36 20145 MILANO (non commercial uses only)cCopyright 2016 app. 4-12 avol. 19, n. 1 [2013] a Tema: matrimonio-sacramento, teologia amatrimoniovarticolo aAA.VV. cCR 71 a53301bSig1c249903d249903 0010406A_07_000000000000000_R0845330171aCISFbCISFd2016-10-14l0oA07/R084-53301 r2016-10-14 00:00:00w2016-10-14yCRzData import 15.10.2016 / by Epidotti, Vaglietti